Statistics for Biggest Countries who have Never Qualified for the FIFA World Cup

Click here to take the quiz!

General Stats

  • This quiz has been taken 1,324 times
  • The average score is 12 of 20

Answer Stats

Qualifying Attempts #ConfederationPopulationAnswer% Correct
9*AFC1.3 billionIndia
98%
9AFC194 millionPakistan
83%
10AFC161 millionBangladesh
76%
9AFC95 millionVietnam
72%
12AFC68 millionThailand
71%
12CAF101 millionEthiopia
68%
5AFC103 millionPhilippines
64%
13CAF41 millionSudan
63%
13CAF47 millionKenya
62%
13CONMEBOL31 millionVenezuela
62%
13AFC31 millionMalaysia
61%
10CAF55 millionTanzania
60%
5AFC27 millionAfghanistan
58%
4AFC54 millionMyanmar
58%
9CAF26 millionMozambique
49%
9CAF36 millionUganda
48%
6AFC31 millionUzbekistan
48%
8AFC30 millionNepal
47%
10AFC27 millionYemen
44%
10CAF22 millionMadagascar
39%

Score Distribution

Percentile by Number Answered

Percent of People with Each Score

Your Score History

You have not taken this quiz